Evaluation of porous structure by Kr and Xe desorption halftimes with X-Ray Fluorescence analysis; Microporous and Mesoporous Materials; Vol. 331

Detalhes bibliográficos
Parent link:Microporous and Mesoporous Materials
Vol. 331.— 2022.— [111657, 7 p.]
Autor principal: Ryzhkov V. A. Vladislav Andreevich
Autor Corporativo: Национальный исследовательский Томский политехнический университет Исследовательская школа физики высокоэнергетических процессов
Resumo:Title screen
X-Ray Fluorescence analysis based on excitation with 109Cd source and registration of characteristic X-rays with Si(Li) detector was used to record the kinetics of desorption of Kr and Xe from carbonaceous samples of 1–100 mg after their treatment with the inert gases at temperatures from 20 to 700 °C. Activated coals with a known pore distribution were used to demonstrate that the Kr desorption half-life is inversely proportional to the square of the pore diameter in the range from 0.7 nm to 50 nm. Although the absorption of Xe was 2–10 times higher in the same pores than the absorption of Kr, the desorption of Xe was about 2.83 times slower than the desorption of Kr. The later fact speaks in favor of using Kr and Ar as a marker for evaluating porous structures rather than Xe.
Режим доступа: по договору с организацией-держателем ресурса
Idioma:inglês
Publicado em: 2022
Assuntos:
Acesso em linha:https://doi.org/10.1016/j.micromeso.2021.111657
Formato: Recurso Electrónico Capítulo de Livro
KOHA link:https://koha.lib.tpu.ru/cgi-bin/koha/opac-detail.pl?biblionumber=666660

MARC

LEADER 00000naa0a2200000 4500
001 666660
005 20250219170233.0
035 |a (RuTPU)RU\TPU\network\37864 
035 |a RU\TPU\network\34804 
090 |a 666660 
100 |a 20220119d2022 k||y0rusy50 ba 
101 0 |a eng 
102 |a NL 
135 |a drcn ---uucaa 
181 0 |a i  
182 0 |a b 
200 1 |a Evaluation of porous structure by Kr and Xe desorption halftimes with X-Ray Fluorescence analysis  |f V. A. Ryzhkov 
203 |a Text  |c electronic 
300 |a Title screen 
320 |a [References: 17 tit.] 
330 |a X-Ray Fluorescence analysis based on excitation with 109Cd source and registration of characteristic X-rays with Si(Li) detector was used to record the kinetics of desorption of Kr and Xe from carbonaceous samples of 1–100 mg after their treatment with the inert gases at temperatures from 20 to 700 °C. Activated coals with a known pore distribution were used to demonstrate that the Kr desorption half-life is inversely proportional to the square of the pore diameter in the range from 0.7 nm to 50 nm. Although the absorption of Xe was 2–10 times higher in the same pores than the absorption of Kr, the desorption of Xe was about 2.83 times slower than the desorption of Kr. The later fact speaks in favor of using Kr and Ar as a marker for evaluating porous structures rather than Xe. 
333 |a Режим доступа: по договору с организацией-держателем ресурса 
461 |t Microporous and Mesoporous Materials 
463 |t Vol. 331  |v [111657, 7 p.]  |d 2022 
610 1 |a труды учёных ТПУ 
610 1 |a электронный ресурс 
610 1 |a desorption 
610 1 |a microporosity 
610 1 |a mesoporosity 
610 1 |a krypton 
610 1 |a X-ray 
610 1 |a fluorescence analysis 
610 1 |a десорбция 
610 1 |a микропористость 
610 1 |a криптон 
610 1 |a рентгеновские снимки 
610 1 |a флуоресцентный анализ 
700 1 |a Ryzhkov  |b V. A.  |c specialist in nuclear physics  |c Senior Researcher, Tomsk Polytechnic University, Candidate of Physical and Mathematical Sciences  |f 1958-  |g Vladislav Andreevich  |3 (RuTPU)RU\TPU\pers\44020 
712 0 2 |a Национальный исследовательский Томский политехнический университет  |b Исследовательская школа физики высокоэнергетических процессов  |c (2017- )  |3 (RuTPU)RU\TPU\col\23551 
801 2 |a RU  |b 63413507  |c 20220119  |g RCR 
856 4 0 |u https://doi.org/10.1016/j.micromeso.2021.111657 
942 |c CF